NHL Hockey Teams - One Minute Sprint - Statistics

General Stats
  • This quiz has been taken 25,890 times
    13,809 since last reset
  • The average score is 19 of 32
Answer Stats
Team % Correct
Toronto Maple Leafs
74%
Montreal Canadiens
73%
New York Rangers
73%
Boston Bruins
72%
Edmonton Oilers
72%
New York Islanders
69%
Florida Panthers
68%
Los Angeles Kings
68%
Vancouver Canucks
68%
Pittsburgh Penguins
62%
Winnipeg Jets
62%
Calgary Flames
61%
Ottawa Senators
61%
Dallas Stars
60%
Detroit Red Wings
60%
Tampa Bay Lightning
60%
Anaheim Ducks
59%
Seattle Kraken
58%
Chicago Blackhawks
57%
San Jose Sharks
57%
Minnesota Wild
55%
Carolina Hurricanes
53%
Philadelphia Flyers
53%
Colorado Avalanche
52%
New Jersey Devils
52%
Washington Capitals
51%
Vegas Golden Knights
50%
St. Louis Blues
49%
Buffalo Sabres
46%
Columbus Blue Jackets
46%
Utah Mammoth
46%
Nashville Predators
45%
No matching quizzes found
Score Distribution
Percent of People with Each Score
Percentile by Number Answered
Your Score History
You have not taken this quiz since the last reset